Giáo trình bố cục Tập 3 Giáo trình bố cục

Giới thiệu một số kiến thức chung về cấu trúc hội hoạ và phong cách bố cục. Bố cục tranh của các hoạ sĩ hiện đại thế kỉ 20.

Na minha lista:
Detalhes bibliográficos
Autor principal: Đàm Luyện
Formato: Livro
Idioma:Vietnamese
Publicado em: H. Đại học Sư phạm 2007
Assuntos:
Tags: Adicionar Tag
Sem tags, seja o primeiro a adicionar uma tag!
Thư viện lưu trữ: Mạng thư viện Đại học Đà Nẵng
LEADER 01303nam a2200349 4500
001 000024274
003 20760
005 20170424150425.0
008 161104s2007 viesd
020 |c 29000đ 
041 0 |a vie 
082 1 4 |a 750.18  |b ĐA-L 
100 1 |a Đàm Luyện 
245 1 0 |a Giáo trình bố cục  |c Đàm Luyện  |n Tập 3  |p Giáo trình bố cục 
260 |a H.  |b Đại học Sư phạm  |c 2007 
300 |a 137 tr.  |b tranh, ảnh  |c 24 cm. 
504 |a Thư mục: tr. 138 
520 3 |a Giới thiệu một số kiến thức chung về cấu trúc hội hoạ và phong cách bố cục. Bố cục tranh của các hoạ sĩ hiện đại thế kỉ 20. 
650 0 4 |a Bố cục  |v Giáo trình  |x Dạy và học 
653 |a Tranh 
653 |a Cấu trúc 
773 |t Giáo trình Bố cục  |w 5720 
OWN |a LSP 
AVA |a UDN50  |b LSP  |d 750.18 ĐA-L  |e available  |t Error 5001 Not defined in file expand_doc_bib_avail.  |f 10  |g 0  |h N  |i 0  |k 1 
999 |a From the UDN01 
AVA |a UDN50  |b LSP  |d 750.18 ĐA-L  |e available  |t Error 5001 Not defined in file expand_doc_bib_avail.  |f 10  |g 0  |h N  |i 0  |k 1 
TYP |a Monograph 
TYP |a Printed language 
980 |a Mạng thư viện Đại học Đà Nẵng